Vẽ minh hoạ với CorelDRAW 10. t.I /
Saved in:
| Other Authors: | , , |
|---|---|
| Format: | Book (Paper) |
| Language: | Vietnamese |
| Published: |
H. :
Lao động Xã hội,
2002.
|
| Subjects: | |
| Tags: |
Add Tag
No Tags, Be the first to tag this record!
|
| Institutions: | Thư viện Trường Đại học Đà Lạt |
|---|
| LEADER | 00889nam a2200349 4500 | ||
|---|---|---|---|
| 001 | DLU110121302 | ||
| 003 | ##DLU | ||
| 005 | ##20110517 | ||
| 008 | ##021230t vn z000 vie d | ||
| 040 | # | # | |a DLU |b vie |
| 041 | # | # | |a vie |
| 044 | # | # | |a vn |
| 082 | # | # | |a 006.68 |b Vem |
| 245 | # | # | |a Vẽ minh hoạ với CorelDRAW 10. |n t.I / |c Nguyễn Việt Dũng chủ biên, ... [et al]. |
| 260 | # | # | |a H. : |b Lao động Xã hội, |c 2002. |
| 300 | # | # | |a 334 tr. ; |c 24 cm. |
| 653 | # | # | |a Đồ hoạ vi tính |
| 653 | # | # | |a CorelDRAW! |
| 700 | # | # | |a Hoàng Đức Hải. |
| 700 | # | # | |a Nguyễn Quý Bạch. |
| 700 | # | # | |a Nguyễn Vân Dung. |
| 923 | # | # | |a 01/2011TN |
| 990 | # | # | |a t.I |
| 992 | # | # | |a 66000 |
| 994 | # | # | |a KTN |
| 900 | # | # | |a True |
| 911 | # | # | |a Đào Thị Thu Huyền |
| 925 | # | # | |a G |
| 926 | # | # | |a A |
| 927 | # | # | |a SH |
| 980 | # | # | |a Thư viện Trường Đại học Đà Lạt |